| 000 | 00882agaaa2200253 4500 | ||
|---|---|---|---|
| 001 | 7954 | ||
| 003 | IT-RoPAU | ||
| 005 | 20220918181302.0 | ||
| 007 | d cvaizq | ||
| 008 | 50131s9999||||xx ||| | || ||und|| | ||
| 040 |
_aIT-RoPAU _cIT-RoPAU |
||
| 041 | _aITALIANO | ||
| 100 |
_aAA.VV. _gCodice regista SPICS: 12000 _953761 |
||
| 130 |
_aVIDEOCLIP 1990-APRILE _953762 |
||
| 245 |
_aVIDEOCLIP 1990-APRILE _cDiretto da: AA.VV. _pVIDEOCLIP 1990-APRILE (Rif. Codice opera principale : 97954) |
||
| 250 | _aEdizione Standard | ||
| 260 |
_aROMA (ITALIA) _bSPICS RECORDS / _g"1990 (1° ed.: 1990 ; Ed. Lingua Orig.: 1990)" |
||
| 300 |
_aVHS _bsonoro, col. |
||
| 538 | _aPAL, STEREO | ||
| 546 | _aITALIANO | ||
| 650 |
_aVIDEOMUSIC _eTV - VIDEOCLIP [VHS] _xCodice MATERIA SPICS: 9969 _953763 |
||
| 700 |
_aAA.VV. _e(regista/i) _gCodice regista SPICS: 12000 _953761 |
||
| 942 |
_cVH _2ddc |
||
| 999 |
_c107836 _d107836 |
||